00562nam a2200181Ia 4500003000400000008004100004040001600045082001700061100002300078245007700101260005300178300001000231650003800241650002700279650002500306650002800331650002100359GCL140319s9999 xx 000 0 eng d aGCL / cGCL04a956.044bB G1 aBAR-ON, MORDE CHAI10aTHE GATES OF GAZA: ISRAEL'S ROAD TO SUEZ AND BACK / cBAR-ON, MORDE CHAI a[S.N] : bMACMILIAN PUBLISHING COMPANY ، c1994 a404 P04aEGYPT - HISTORY - INTERVENTION 5604aISRAEL - ARAB CONFLICT04aSINAI CAMPAIGN, 195604aISRAEL - ARAB WAR, 195604aISRAEL - HISTORY